What of the What? Quiz Stats

Quiz Updated Jan 20, 2017

Also try: What the 'H'
Challenge
Share
Tweet
Embed
Score 0/15 Timer 05:00
0 Plays Today
The Blank of the Blank Title % Correct
The W of the WThe War of the Worlds
70.1%
The F of the RThe Fellowship of the Ring
62.5%
The C of the WThe Call of the Wild
38.4%
The H of the BThe Hound of the Baskervilles
36.7%
The S of the LThe Silence of the Lambs
28.3%
The L of the MThe Last of the Mohicans
23.2%
The B of the VThe Bonfire of the Vanities
17.7%
The T of the SThe Turn of the Screw
17.1%
The Blank of the Blank Title % Correct
The T of the SThe Trumpet of the Swan
10.3%
The P of the OThe Phantom of the Opera
9.5%
The R of the NThe Return of the Native
7.2%
The H of the MThe Heart of the Matter
6.3%
The Y of the FThe Year of the Flood
3.6%
The W of the DThe Wings of the Dove
3.4%
The S of the TPThe Sisterhood of the Traveling Pants
1.3%

You're not logged in!

Compare scores with friends on all Sporcle quizzes.
Join for Free
OR
Log In

You Might Also Like...

Show Comments

Extras

Top Quizzes Today


Score Distribution

Your Account Isn't Verified!

In order to create a playlist on Sporcle, you need to verify the email address you used during registration. Go to your Sporcle Settings to finish the process.

Report this User

Report this user for behavior that violates our Community Guidelines.

Details: